Welcome to CU Library Online Public Access Catalogue (OPAC)

Retailing management / (Record no. 6484)

MARC details
000 -LEADER
fixed length control field 00860cam a2200241 a 4500
001 - CONTROL NUMBER
control field 15176981
005 - DATE AND TIME OF LATEST TRANSACTION
control field 20250614135606.0
008 - FIXED-LENGTH DATA ELEMENTS--GENERAL INFORMATION
fixed length control field 080211s2009 maua b 001 0 eng
020 ## - INTERNATIONAL STANDARD BOOK NUMBER
International Standard Book Number 9780073381046 (alk. paper)
020 ## - INTERNATIONAL STANDARD BOOK NUMBER
International Standard Book Number 0073381047 (alk. paper)
050 00 - LIBRARY OF CONGRESS CALL NUMBER
Classification number HF5429
Item number .L4828 2009
082 00 - DEWEY DECIMAL CLASSIFICATION NUMBER
Classification number 658.8/7
Edition information 22
100 1# - MAIN ENTRY--PERSONAL NAME
Personal name Levy, Michael,
Dates associated with a name 1950-
245 10 - TITLE STATEMENT
Title Retailing management /
Statement of responsibility, etc. Michael Levy, Barton A. Weitz.
250 ## - EDITION STATEMENT
Edition statement 7th ed.
260 ## - PUBLICATION, DISTRIBUTION, ETC.
Place of publication, distribution, etc. Boston :
Name of publisher, distributor, etc. McGraw-Hill Irwin,
Date of publication, distribution, etc. c2009.
300 ## - PHYSICAL DESCRIPTION
Extent xxxi, 702 p. :
Other physical details col. ill. ;
Dimensions 29 cm.
650 #0 - SUBJECT ADDED ENTRY--TOPICAL TERM
Topical term or geographic name entry element Retail trade
General subdivision Management.
700 1# - ADDED ENTRY--PERSONAL NAME
Personal name Weitz, Barton A.
856 42 - ELECTRONIC LOCATION AND ACCESS
Materials specified Publisher description
Uniform Resource Identifier <a href="http://www.loc.gov/catdir/enhancements/fy0810/2008006472-d.html">http://www.loc.gov/catdir/enhancements/fy0810/2008006472-d.html</a>
856 41 - ELECTRONIC LOCATION AND ACCESS
Materials specified Table of contents only
Uniform Resource Identifier <a href="http://www.loc.gov/catdir/enhancements/fy0810/2008006472-t.html">http://www.loc.gov/catdir/enhancements/fy0810/2008006472-t.html</a>
942 ## - ADDED ENTRY ELEMENTS (KOHA)
Source of classification or shelving scheme Library of Congress Classification
Koha item type Books
Edition 7th Ed.
Suppress in OPAC No
999 ## -
-- 6484
-- 6484
Holdings
Withdrawn status Lost status Source of classification or shelving scheme Damaged status Not for loan Collection Home library Current library Shelving location Date acquired Total checkouts Full call number Barcode Date last seen Copy number Price effective from Koha item type
    Library of Congress Classification     Non-fiction Business Library (Miotso) Business Library (Miotso) General stacks 06/14/2025   HF5429 .L4828 2009 BSSM00002196 06/14/2025 1 06/14/2025 Books
    Library of Congress Classification     Non-fiction Business Library (Miotso) Business Library (Miotso) General stacks 06/14/2025   HF5429 .L4828 2009 BSSM00002197 06/14/2025 2 06/14/2025 Books
    Library of Congress Classification     Non-fiction Business Library (Miotso) Business Library (Miotso) General stacks 06/14/2025   HF5429 .L4828 2009 BSSM00002198 06/14/2025 3 06/14/2025 Books
    Library of Congress Classification     Non-fiction Business Library (Miotso) Business Library (Miotso) General stacks 06/14/2025   HF5429 .L4828 2009 BSSM00002199 06/14/2025 4 06/14/2025 Books
© 2023-2024 Copyright: Central University Libraries. All Rights Reserved | Created by: Mahone Tech Office